Stuck in the Middle with 'E' Quiz Stats

 Plays Quiz Updated Apr 16, 2017

Support Sporcle.
Go Orange.
Score 0/25 Timer 05:00
1 Play Today
% Correct
edge
81.5%
end
80.7%
eel
80.6%
ester
79.6%
etch
78.3%
eon
75.4%
ego
73.9%
enter
73.4%
err
72.8%
eat
71.3%
eye
70%
eve
66.1%
ease
65.7%
% Correct
even
63.2%
edit
61.9%
evil
60.9%
ever
59.4%
earn
57.9%
egg
57.9%
each
56.6%
ewe
53.9%
emit
53.4%
earl
51.8%
event
48.2%
emu
45.8%

You're not logged in!

Compare scores with friends on all Sporcle quizzes.
OR
Log In
Forgot?

From the Vault

Name That UK Sitcom

by ntnon

Quirky characters, outlandish plots, crazy costumes...you'd almost think we were talking about the Labour Party.
Remove Ads.
Support Sporcle.
Get the best of Sporcle when you Go Orange. This ad-free experience offers more features, more stats, and more fun while also helping to support Sporcle. Thank you for becoming a member.

Show Comments

Extras

Top Quizzes Today


Score Distribution

Your Account Isn't Verified!

In order to create a playlist on Sporcle, you need to verify the email address you used during registration. Go to your Sporcle Settings to finish the process.

Report this User

Report this user for behavior that violates our Community Guidelines.

Details: